000
00281 a2200133 4500
001
47921
040
_c
Anchieta - Aquarius
100
_a
Reis, Ricardo
240
1
0
_a
Poemas de Ricardo Reis
_l
245
1
0
_a
Poemas de Ricardo Reis
300
_a
52
650
4
_a
Poesia
942
_c
BK
999
_c
47921
_d
47921